Ταυτότητα και φύλο στις ταινίες του ελληνικού εμπορικού κινηματογράφου των δεκαετιών 1950-1967 : ανθρωπολογικές προσεγγίσεις : μεταπτυχιακή εργασία
Αποθηκεύτηκε σε:
| Κύριος συγγραφέας: | |
|---|---|
| Συγγραφή απο Οργανισμό/Αρχή: | |
| Άλλοι συγγραφείς: | |
| Μορφή: | Thesis Βιβλίο |
| Γλώσσα: | Greek |
| Δημοσίευση: |
2005.
|
| Θέματα: | |
| Ετικέτες: |
Προσθήκη ετικέτας
Δεν υπάρχουν, Καταχωρήστε ετικέτα πρώτοι!
|
MARC
| LEADER | 00000cam a2200000 i 4500 | ||
|---|---|---|---|
| 001 | 1/24386 | ||
| 008 | 060215s2005 gre d | ||
| 035 | |l 10082659 | ||
| 040 | |a GR-MY-UA |b gre |e aacr | ||
| 041 | 0 | |a gre | |
| 082 | 0 | |a 305.3 |2 (22) | |
| 100 | 1 | |a Κωνσταντέλλη, Ελένη. | |
| 245 | 1 | 0 | |a Ταυτότητα και φύλο στις ταινίες του ελληνικού εμπορικού κινηματογράφου των δεκαετιών 1950-1967 : |b ανθρωπολογικές προσεγγίσεις : μεταπτυχιακή εργασία / |c Κωνσταντέλλη Ελένη ; υπεύθυνος καθηγητής Παραδέλλης Θεόδωρος |
| 260 | |c 2005. | ||
| 300 | |a 44 σ.; |c 30 εκ. | ||
| 502 | |a Διατριβή (μεταπτυχιακή) - Πανεπιστήμιο Αιγαίου, Λέσβος, 2005. | ||
| 504 | |a Βιβλιογραφία: σ. 39-44 | ||
| 650 | 0 | 0 | |a Women in motion pictures. |
| 650 | 0 | 0 | |a Motion pictures |z Greece. |
| 650 | 0 | 0 | |a Motion pictures |z Greece |x Social aspects. |
| 650 | 0 | 0 | |a Sex role in motion pictures. |
| 650 | 0 | 0 | |a Dissertations, Academic |z Greece. |
| 700 | 1 | |a Παραδέλλης, Θεόδωρος. |4 ths | |
| 710 | 2 | |a Πανεπιστήμιο Αιγαίου. |b Σχολή Κοινωνικών Επιστημών. |b Τμήμα Κοινωνικής Ανθρωπολογίας και Ιστορίας. |b Πρόγραμμα Μεταπτυχιακών Σπουδών Κοινωνική και Ιστορική Ανθρωπολογία. | |
| 852 | |a INST |b LESVOS |c DIATR |e 20060215 |h 35 |p 005100034223 |q 005100034223 |t MTXE |y 23 | ||
| 852 | |a INST |b LESVOS |c DIATR |e 20060215 |h 36 |p 005100034204 |q 005100034204 |t MTXE |y 23 | ||
| 901 | |a BIBL1-2006-1 | ||
| 909 | |a Λ |b 120891 | ||
| 909 | |a Λ |b 120892 | ||
| 924 | |a ΚΩΝΣΤΑΝΤΕΛΛΗ |b ΕΛΕΝΗ |y ΛΕΣΒΟΣ |z 2005 | ||
| 970 | |a ΜΑΡΙΝΑΤΟΥ |b ΜΥΡΣΙΝΗ |z 2006/02/15 | ||